Future schools : (Record no. 129380)

MARC details
000 -LEADER
fixed length control field 00701nam a2200217 a 4500
008 - FIXED-LENGTH DATA ELEMENTS--GENERAL INFORMATION
fixed length control field
020 ## - INTERNATIONAL STANDARD BOOK NUMBER
International Standard Book Number 9781859465752 (pbk.)
049 ## - LOCAL HOLDINGS (OCLC)
Holding library MAIN
090 ## - LOCALLY ASSIGNED LC-TYPE CALL NUMBER (OCLC); LOCAL CALL NUMBER (RLIN)
Classification number (OCLC) (R) ; Classification number, CALL (RLIN) (NR) NA6602.S28
Local cutter number (OCLC) ; Book number/undivided call number, CALL (RLIN) FUR
003 - CONTROL NUMBER IDENTIFIER
control field
005 - DATE AND TIME OF LATEST TRANSACTION
control field 20230123122205.0
040 ## - CATALOGING SOURCE
Transcribing agency NUST
245 10 - TITLE STATEMENT
Title Future schools :
Remainder of title Innovative design for existing and new buildings /
Statement of responsibility, etc. edited by Nick mirchandani and Sharon Wright.
260 ## - PUBLICATION, DISTRIBUTION, ETC.
Place of publication, distribution, etc. Newcastle upon Tyne :
Name of publisher, distributor, etc. RIBA Publishing,
Date of publication, distribution, etc. 2015.
300 ## - PHYSICAL DESCRIPTION
Extent xix, 170 p :
Other physical details ill (col). ;
Dimensions 24 cm.
500 ## - GENERAL NOTE
General note Includes index.
650 #1 - SUBJECT ADDED ENTRY--TOPICAL TERM
Topical term or geographic name entry element Innovative designs.
700 ## - ADDED ENTRY--PERSONAL NAME
Personal name Mirchandani, Nick.
907 ## - LOCAL DATA ELEMENT G, LDG (RLIN)
a .b10368930
b 15-02-16
c 11-02-16
942 ## - ADDED ENTRY ELEMENTS (KOHA)
Koha item type Ordinary Loan Books
Call number prefix NA6602.S28
Call number suffix FUR
Holdings
Date last seen Total Checkouts Full call number Barcode Cost, replacement price Price effective from Koha item type Lost status Source of classification or shelving scheme Damaged status Not for loan Collection Withdrawn status Home library Current library Shelving location Date acquired Cost, normal purchase price
01/23/2023   NA6602.S28 FUT 92004038719 80.00 01/23/2023 BOOKS   LCC     NFIC   MAIN MAIN GEN 01/23/2023 80.00